000 00897cam a2200241 i 4500
003 SA-RiAUC
005 20241126065105.0
008 241124s1996 jo g 000 0 ara c
040 _aJO-MaAABU
_bara
_cSA-RiAUC
_erda
050 4 _b.A84 1996
082 0 4 _a258
_qSA-RiAUC
090 _a258
_bأ ش ق
100 1 _aالأشقر، عمر سليمان،
_d1940-2012
_eمؤلف.
245 1 2 _aالمدخل إلى دراسة المدارس والمذاهب الفقهية /
_cتأليف عمر سليمان الأشقر.
264 1 _aعمان، الأردن :
_bدار النفائس،
_c1996
300 _a231 صفحة
336 _aنص
_btxt
_2rdacontent
_3كتاب
337 _aبدون وسيط
_bn
_2rdamedia
338 _aمجلد
_bnc
_2rdacarrier
650 7 _aالفقه الإسلامي
_xمذاهب
_2aucsh
942 _2ddc
_cBOOK
_n0
949 _aSA-JeALM
_d241124
_umohamedma123
_n1
999 _c2777
_d2777